000 00693nam a2200289Ia 4500
005 20260324131810.0
008 008 260324s9999 xx 000 0 eng d
020 _a9780429473456
037 _aEBOOK
040 _aCRL
040 _beng
040 _cCRL
041 _2eng
041 _aeng
084 _qCRL
100 _aSalman Akhtar; Vamik D. Volkan
_91186870
245 0 _aCultural Zoo
245 0 _bAnimals in the Human Mind and its Sublimation
260 _bTaylor and Francis
260 _c2005
365 _a
365 _b205
856 _uhttp://www.taylorfrancis.com/books/9780429473456
942 _cEBOOK
999 _c1784374
_d1784374